Champions du monde de Surf - Statistiques

Statistiques générales
  • Ce quiz a été pris 45 fois
  • Le résultat moyen est 24 sur 49
Statistiques - réponses
Année Pays Champion % Correct
2014 Brésil Gabriel Medina
94%
2018 Brésil Gabriel Medina
94%
2021 Brésil Gabriel Medina
94%
1992 États-Unis Kelly Slater
94%
1994 États-Unis Kelly Slater
94%
1995 États-Unis Kelly Slater
94%
1996 États-Unis Kelly Slater
94%
1997 États-Unis Kelly Slater
94%
1998 États-Unis Kelly Slater
94%
2005 États-Unis Kelly Slater
94%
2006 États-Unis Kelly Slater
94%
2008 États-Unis Kelly Slater
94%
2010 États-Unis Kelly Slater
94%
2011 États-Unis Kelly Slater
94%
2016 Hawaï John John Florence
88%
2017 Hawaï John John Florence
88%
2024 Hawaï John John Florence
88%
2019 Brésil Italo Ferreira
67%
2022 Brésil Filipe Toledo
64%
2023 Brésil Filipe Toledo
64%
2007 Australie Mick Fanning
61%
2009 Australie Mick Fanning
61%
2013 Australie Mick Fanning
61%
2002 Hawaï Andy Irons
55%
2003 Hawaï Andy Irons
55%
2004 Hawaï Andy Irons
55%
2025 Brésil Yago Dora
42%
2015 Brésil Adriano de Souza
21%
1993 Hawaï Derek Ho
21%
1985 États-Unis Tom Curren
21%
1986 États-Unis Tom Curren
21%
1990 États-Unis Tom Curren
21%
2001 États-Unis C. J. Hobgood
15%
2012 Australie Joel Parkinson
15%
1999 Australie Mark Occhilupo
12%
1979 Australie Mark Richards
12%
1980 Australie Mark Richards
12%
1981 Australie Mark Richards
12%
1982 Australie Mark Richards
12%
1989 Angleterre Martin Potter
12%
2000 Hawaï Sunny Garcia
12%
1983 Australie Tom Carroll
12%
1984 Australie Tom Carroll
12%
1987 Australie Damien Hardman
6%
1991 Australie Damien Hardman
6%
1976 Australie Peter Townend
6%
1988 Australie Barton Lynch
3%
1977 Afrique du Sud Shaun Tomson
3%
1978 Australie Wayne Bartholomew
3%
Aucun quiz correspondant
Distribution des résultats
% des personnes avec chaque résultat
Percentile par nombre de réponses
Votre historique - résultats
Vous n’avez pas pris ce quiz